Statistiques concernant Les préfectures les plus au Nord de la France

Cliquez ici pour prendre le quiz!

Statistiques générales

  • Ce quiz a été pris 188 fois
  • Le résultat moyen est 14 sur 20

Statistiques - réponses

LatitudePréfecture% Correct
50°40' NLille
99%
49°57' NAmiens
90%
48°54' NParis
90%
50°19' NArras
87%
49°09' NMetz
84%
49°28' NRouen
82%
48°42' NNancy
81%
49°13' NCaen
79%
49°50' NCharleville-Mézières
77%
49°29' NBeauvais
73%
49°37' NLaon
71%
49°03' NEvreux
67%
48°55' NBobigny
60%
49°00' NChâlons-en-Champagne
59%
49°04' NPontoise
58%
49°08' NSaint-Lô
58%
48°50' NVersailles
57%
48°48' NBar-le-Duc
53%
48°48' NCréteil
52%
48°55' NNanterre
51%

Distribution des résultats

Percentile par nombre de réponses

% des personnes avec chaque résultat

Votre développement - résultats

Vous n’avez pas pris ce quiz